Soviet legislation of women's rights : Collection of normative acts.

Na minha lista:
Detalhes bibliográficos
Autor principal: Belyakova, A.M
Formato: Livro
Publicado em: Moscow : Progress publishers, c1975.
Assuntos:
Tags: Adicionar Tag
Sem tags, seja o primeiro a adicionar uma tag!

MARC

LEADER 00000nam a22000007a 4500
020 |a NA  |c NA 
040 |a MUL  |b eng  |e AACR 
082 |a 346.013 BEL 
100 |a Belyakova, A.M 
245 |a Soviet legislation of women's rights :  |b Collection of normative acts.  |c  A.M.Belyakova 
260 |a Moscow :  |b Progress publishers,  |c c1975. 
300 |a 215p. :  |c 20 cm. 
650 |a Soviet legislation  |z Moscow  
650 |a Women's rights 
650 |a Labour rights 
942 |c BK 
999 |c 2198  |d 2198